000 00534nam a22001937a 4500
001 23845
003 BD-RjUL
005 20211209000958.0
008 140311t1950 e |||| |||| 001 0 eng d
035 _a(BD-RjUL)23910
040 _aBD-RjUL
_beng
_cBD-RjUL
041 _aeng
082 0 4 _a920
_bMIH 1950
100 1 0 _aMisch, Georg.
_973425
245 1 2 _aA histor of Autobiography in Antiquity /
_cBy Georg Misch.
_nVolume-2
260 _aLondon :
_bRoutledge & Kegan,
_c1950.
300 _aV-2 (vi, 706 p.) ;
_c24 cm.
942 _2ddc
_cBK
999 _c23845
_d23845